000 00694nam a2200241Ia 4500
003 OSt
005 20220918231422.0
006 a|||||r|||| 00| 0
007 ta
008 220917b |||||||| |||| 00| 0 eng d
024 _a280,471
037 _cTextual
040 _aARTS
_cARTS
_beng
041 _2eng
_aeng
082 _aS0aT, M0
100 _aHullfish H Gordon
_9154581
245 0 _aAspects of thorndike's psychology in their relation to educational theory and practice
260 _aColumbus
_bThe Ohio State University Press
_c1980
300 _a113p.
_ccm.
650 _aPSYCHOLOGY
942 _hS0aT, M0
_cTEXL
_2CC
999 _c291039
_d291039